Länder des Orients (Map Quiz) - Statistiken

Allgemein
  • Dieses Quiz wurde 1.613 mal gespielt
  • Das Durchschnittsergebnis liegt bei 16 aus 28
Antworten auf der Karte
Die Antworten werden auf der Karte rot bzw. grün angezeigt, abhängig davon wie oft sie richtig erraten wurden.
 
Antwortstatistiken
Antwort % Korrekt
Marokko
82%
Ägypten
78%
Algerien
78%
Saudi Arabien
72%
Libyen
69%
Türkei
69%
Oman
68%
Iran
67%
Vereinigte arabische Emirate
66%
Tunesien
64%
Jemen
63%
Irak
61%
Mauretanien
59%
Niger
57%
Kasachstan
56%
Sudan
55%
Afghanistan
54%
Mali
53%
West-Sahara
53%
Eritrea
52%
Pakistan
51%
Senegal
51%
Tschad
49%
Burkina Faso
47%
Kirgisistan
46%
Usbekistan
42%
Tadschikistan
39%
Turkmenistan
39%
Keine übereinstimmenden Quizze gefunden
Verteilung der Resultate
Anzahl Personen mit jedem Resultat
Perzentil nach korrekt beantworteten Fragen
Ihre Resultats-Entwicklung
Sie haben dieses Quiz noch nicht gespielt